000 00336nam a2200121Ia 4500
008 220204s9999 xx 000 0 und d
082 _a631.4(47+57)
_bSOK
245 0 _aAgrochemistry of the soils of the USSR
260 _aJerusalem
_bIsrael prog for Sc Translation
_c1972
650 _aUSSR Soils
700 _aSOKOLOV, A V
942 _cBK
999 _c39125
_d39125